000
00276nam a22001217a 4500
008
180806b xxu||||| |||| 00| 0 eng d
082
_a
813.52
245
_a
Practice Anatomy LAB 1.1
_c
Pearson
260
_c
2007
300
_a
1
_f
CD
440
_x
080539432-X
942
_2
ddc
_c
MX
999
_c
46816
_d
46816